| 000 | 00669nam a2200229Ia 4500 | ||
|---|---|---|---|
| 005 | 20250508165505.0 | ||
| 008 | 008 250505s9999 xx 000 0 eng d | ||
| 020 | _a978-0-415-60971-5 | ||
| 037 | _aTextual | ||
| 040 |
_aFEDL _beng _cFEDL |
||
| 041 |
_aeng _2eng |
||
| 084 |
_a155.413, ROB _qFEDL |
||
| 100 |
_aRobson Sue _9780965 |
||
| 245 | 0 | _aDeveloping thinking and understanding in young children: An introduction for students | |
| 250 | _a2 | ||
| 260 |
_aLondon, UK _bRoutledge _c2012 |
||
| 300 | _ax, 262p. | ||
| 365 |
_aINR _b550 |
||
| 546 | _aFirst Indian reprint, 2014 | ||
| 942 |
_cTEXL _h155.413, ROB |
||
| 999 |
_c1395402 _d1395402 |
||